'O'-Less States Quiz Stats

 Plays Quiz Updated Mar 18, 2013

Support Sporcle.
Go Orange.
Score 0/23 Timer 02:00
1 Play Today
State % Correct
Texas
89.2%
Maine
88.1%
Alabama
83.8%
Alaska
79.8%
Virginia
79.7%
Kansas
79%
Mississippi
78.5%
Arkansas
77.3%
New Hampshire
77.2%
Michigan
77.1%
Hawaii
76.6%
New Jersey
75.9%
State % Correct
Tennessee
75.6%
Kentucky
74.9%
West Virginia
73.3%
Utah
72.4%
Nevada
72.2%
Delaware
71.9%
Indiana
70%
Pennsylvania
69.5%
Maryland
67.6%
Massachusetts
67.2%
Nebraska
65.3%

You're not logged in!

Compare scores with friends on all Sporcle quizzes.
OR
Log In
Forgot?

From the Vault

US Presidents by Last Name Length

by gwukelic

If you have a shorter name, it must cost way less for campaign signs.
Remove Ads.
Support Sporcle.
Get the best of Sporcle when you Go Orange. This ad-free experience offers more features, more stats, and more fun while also helping to support Sporcle. Thank you for becoming a member.

Show Comments

Extras

Top Quizzes Today


Score Distribution

Your Account Isn't Verified!

In order to create a playlist on Sporcle, you need to verify the email address you used during registration. Go to your Sporcle Settings to finish the process.

Report this User

Report this user for behavior that violates our Community Guidelines.

Details: